| 000 | 00506nam a22001817a 4500 | ||
|---|---|---|---|
| 003 | CEME | ||
| 005 | 20210628203113.0 | ||
| 008 | 210201b xxu||||| |||| 00| 0 eng d | ||
| 020 | _a8189757539 | ||
| 040 | _c. | ||
| 082 | _a629.892 GOY | ||
| 100 |
_aGoyal, Khushdeep , Goyal, Khushdeep _963323 |
||
| 245 | _aIndustrial automation and robotics , for engineering students | ||
| 260 |
_aDELHI _bS.K.KATARIA _c2008 |
||
| 300 | _a401P | ||
| 650 |
_aINDUSTRIAL AUTOMATION.ROBOTICS _963324 |
||
| 942 |
_cBK _2ddc |
||
| 999 |
_c572186 _d572186 |
||